地级市内人口比市辖区总和多的县市 - Statistics

General Stats
  • This quiz has been taken 25 times
  • The average score is 22 of 45
Answer Stats
省级行政区 地级行政区 县级行政区 % Correct
浙江省 金华市 义乌市
95%
福建省 泉州市 晋江市
91%
广东省 揭阳市 普宁市
82%
江苏省 宿迁市 沭阳县
77%
湖南省 邵阳市 邵东市
77%
广东省 汕尾市 海丰县
77%
广东省 汕尾市 陆丰市
77%
黑龙江省 黑河市 五大连池市
68%
湖北省 黄石市 大冶市
68%
广东省 云浮市 罗定市
68%
湖北省 黄冈市 麻城市
64%
吉林省 通化市 梅河口市
59%
湖北省 荆州市 监利市
59%
黑龙江省 黑河市 北安市
55%
广西壮族自治区 玉林市 博白县
55%
河北省 沧州市 任丘市
50%
黑龙江省 黑河市 嫩江市
50%
湖北省 荆门市 钟祥市
50%
湖南省 娄底市 涟源市
50%
山西省 吕梁市 孝义市
45%
河南省 三门峡市 灵宝市
45%
湖北省 黄石市 阳新县
45%
湖北省 黄冈市 黄梅县
45%
湖南省 娄底市 新化县
45%
云南省 昭通市 镇雄县
45%
辽宁省 铁岭市 开原市
41%
湖北省 黄冈市 红安县
41%
湖北省 黄冈市 浠水县
41%
湖北省 黄冈市 武穴市
41%
湖北省 随州市 广水市
41%
湖南省 邵阳市 隆回县
41%
辽宁省 铁岭市 昌图县
36%
河南省 濮阳市 濮阳县
36%
四川省 资阳市 安岳县
36%
湖北省 黄冈市 蕲春县
32%
云南省 普洱市 澜沧拉祜族自治县
32%
甘肃省 定西市 临洮县
32%
江西省 景德镇市 乐平市
27%
云南省 丽江市 永胜县
27%
云南省 临沧市 云县
27%
湖北省 黄冈市 罗田县
23%
湖南省 怀化市 溆浦县
23%
云南省 临沧市 凤庆县
23%
甘肃省 定西市 岷县
23%
甘肃省 定西市 陇西县
18%
No matching quizzes found
Score Distribution
Percent of People with Each Score
Percentile by Number Answered
Your Score History
You have not taken this quiz